000 00595nam a2200193Ia 4500
003 GCL
005 20240530103932.0
008 140319s9999 xx 000 0 ara d
040 _aGCL /
_cGCL
082 0 4 _a347.06
_bم ق
100 1 _aمحمود محمد هاشم
245 1 0 _aالفضاء ونظام الأثبات فى الفقة الآسلامى والانظمة الوضعية /
_cمحمود محمد هاشم
300 _a421
490 _a100 قصة
_v0
650 0 4 _aالقانون
650 0 4 _aقانون الاجراءات
650 0 4 _aالتشريعات
942 _2ddc
_cBK
999 _c43565
_d43565